|
|
|
|
| LEADER |
00000naa a2200000 a 4500 |
| 001 |
vtls010255967 |
| 003 |
SK-MaSNL |
| 005 |
20260302140755.0 |
| 008 |
11030216c2006 xo o e sl o |
| 035 |
|
|
|a SVKKK000087805
|
| 038 |
|
|
|a SVKKK
|
| 040 |
|
|
|a SVKKK
|b slo
|c SVKKK
|e AACR2
|
| 041 |
0 |
|
|a slo
|
| 044 |
|
|
|a xo
|c SK
|
| 080 |
|
|
|a 069
|2 1997
|
| 080 |
|
|
|a 094.1"15"
|2 1997
|
| 100 |
1 |
|
|a Krnáčová, Iveta
|4 aut
|9 267914
|
| 245 |
1 |
0 |
|a Súpis tlačí 16. storočia z historického knižného fondu Gemersko-malohontského múzea
|c Iveta Krnáčová ; Júlia Ferleťáková
|
| 300 |
|
|
|b Obr.
|
| 504 |
|
|
|a Bibliogr. odkazy
|
| 610 |
2 |
7 |
|a Gemersko-malohontské múzeum
|2 snkbucl
|9 234770
|
| 700 |
1 |
|
|a Ferleťáková, Júlia
|4 pht
|9 333402
|
| 773 |
0 |
|
|t Gemer-Malohont II.
|d Rimavská Sobota : Gemersko-malohontské múzeum, 2006
|z 80-85134-22-5
|g S. 80-109
|
| 852 |
|
|
|a SVKKK
|b BIB
|
| 958 |
|
|
|a NB
|
| 999 |
|
|
|c 1332332
|d 1334262
|